|
|
|
|
| LEADER |
00000nam a2200000 a 4500 |
| 001 |
vtls009504905 |
| 003 |
SK-MaSNL |
| 005 |
20260301171252.0 |
| 008 |
240318s2007 pl b 000 0 pol |
| 015 |
|
|
|a SNBZSA2010-00283
|
| 020 |
|
|
|a 9788370724603
|q (brož.)
|
| 035 |
|
|
|a urn:nbn:sk:snk-am00a1hy
|
| 035 |
|
|
|a urn:nbn:sk:snk-am3hd62
|
| 035 |
|
|
|a F2F96198-0ABA-4FB6-A225-ADFF756512A4
|
| 040 |
|
|
|a SNK
|b slo
|c SNK
|e AACR2
|
| 041 |
0 |
|
|a pol
|
| 043 |
|
|
|a e-xo---
|
| 044 |
|
|
|a pl
|c PL
|
| 072 |
|
7 |
|a 32
|x Politika
|2 konspekt
|
| 080 |
|
|
|a 321.011.5
|x (437.6)
|2 2001
|
| 080 |
|
|
|a 172.15
|2 2001
|
| 080 |
|
|
|a 316.347(437.6)
|2 2001
|
| 080 |
|
|
|a 323.1
|2 2001
|
| 080 |
|
|
|a 323.2
|2 2001
|
| 100 |
1 |
|
|a Zenderowski, Radosław,
|d 1974-
|4 aut
|9 538686
|
| 245 |
1 |
0 |
|a Nad Tatrami błyska się-
|b słowacka tożsamość narodowa w dyskursie politycznym w Republice Słowackiej (1989-2004)
|c Radosław Zenderowski
|
| 246 |
3 |
0 |
|a Słowacka tożsamość narodowa w dyskursie politycznym w Republice Słowackiej (1989-2004)
|
| 260 |
|
|
|a Warszawa
|b Wydawnictwo Uniwersytetu Kardynała Stefana Wyszyńskiego
|c 2007
|
| 300 |
|
|
|a 588, [1] s.
|c 24 cm
|
| 504 |
|
|
|a Bibliogr. s. 563-588
|
| 650 |
0 |
7 |
|a národná identita
|2 snkph
|9 1665
|
| 650 |
0 |
7 |
|a polemiky
|z Slovensko
|2 snkph
|9 538687
|
| 651 |
|
7 |
|a Slovensko
|x politika a vláda
|y 1989-2004
|2 snkph
|9 538688
|
| 651 |
|
7 |
|a Slovensko
|x politika a spoločnosť
|2 snkph
|9 538689
|
| 651 |
|
7 |
|a Slovensko
|x dejiny
|2 snkph
|9 13278
|
| 655 |
|
7 |
|a monografie
|2 snkph
|9 70139
|
| 919 |
|
|
|a 978-83-7072-460-3
|
| 958 |
|
|
|a ZS
|
| 958 |
|
|
|a NB
|
| 958 |
|
|
|a OND
|
| 999 |
|
|
|c 830291
|d 832221
|
| 952 |
|
|
|a SNK
|b SNK
|y PREZ
|7 0
|p 17A0624950
|o snkSC 136415
|i snk2009/12293
|8 2
|g 11.61
|0 0
|1 0
|4 0
|d 2009-05-04
|f 1
|l 0
|r 2025-07-02 00:00:00
|w 2026-02-24
|